Novela zákona o poisťovníctve zavádza inštitút aktuára

Jedným z nových prvkov pripravovanej novely zákona o poisťovníctve je inštitút aktuára. Povinnosti aktuára. Poistný matematik (aktuár) na Slovensku a v zahraničí. Vzdelanie aktuára. Po schválení novely zákona o poisťovníctve bude aktuár povinnou výbavou poisťovne.

Na minha lista:
Detalhes bibliográficos
Autor principal: Suďa, Pavol
Formato: Capítulo de Livro
Idioma:eslovaco
Assuntos:
Tags: Adicionar Tag
Sem tags, seja o primeiro a adicionar uma tag!

MARC

LEADER 00000naa a2200000 4500
001 r036455
005 20230921104233.0
041 0 |a slo 
044 |a SK 
245 1 0 |a Novela zákona o poisťovníctve zavádza inštitút aktuára  |c Pavol Suďa 
520 |a Jedným z nových prvkov pripravovanej novely zákona o poisťovníctve je inštitút aktuára. Povinnosti aktuára. Poistný matematik (aktuár) na Slovensku a v zahraničí. Vzdelanie aktuára. Po schválení novely zákona o poisťovníctve bude aktuár povinnou výbavou poisťovne. 
610 2 0 |a aktuári 
610 2 0 |a poisťovníctvo 
610 2 0 |a zákony 
610 2 0 |a novelizácia 
610 2 0 |a matematika finančná 
610 2 0 |a matematika poistná 
610 2 0 |a Slovensko 
100 1 |a Suďa, Pavol